| 000 | 00385cam a2200157ua 4500 | ||
|---|---|---|---|
| 041 |
_aeng _h |
||
| 082 |
_a028.74621 _bJAI/PR |
||
| 100 | _aJain, J C . | ||
| 245 |
_aProject profiles vol-2 / _cJ C Jain. _hTextual Documents |
||
| 250 |
_a2 / _b. |
||
| 260 |
_aNewdelhi : _bSmall scale industries , _c1986. |
||
| 300 | _a760 ; . | ||
| 504 | _a | ||
| 942 | _cBK | ||
| 999 |
_c6739 _d6739 |
||